| 000 | 00348nam a22001457a 4500 | ||
|---|---|---|---|
| 003 | SGT | ||
| 020 | _a9780670092321 | ||
| 082 |
_a920 _bA19R |
||
| 100 | _aRAMESH, JAIRAM | ||
| 245 | _aA CHEQUERED BRILLIANCE: THE MANY LIVES OF V.K. KRISHNA MENON | ||
| 260 |
_bPENGUIN RANDOM HOUSE _c2019 |
||
| 300 | _a725 | ||
| 650 | _aBIOGRAPHY | ||
| 942 |
_2ddc _cBK |
||
| 999 |
_c28232 _d28232 |
||